Central Library OPAC University of Rajshahi

Biofeedback, theory and research / (Record no. 1573)

MARC details
000 -LEADER
fixed length control field 00753nam a2200253 a 4500
001 - CONTROL NUMBER
control field 1573
003 - CONTROL NUMBER IDENTIFIER
rucl marc code BD-RjUL
005 - DATE AND TIME OF LATEST TRANSACTION
control field 20211208233348.0
008 - FIXED-LENGTH DATA ELEMENTS--GENERAL INFORMATION
fixed length control field 131208s1977 enka b 001 0 eng
020 ## - INTERNATIONAL STANDARD BOOK NUMBER
International Standard Book Number 0126324506
035 ## - SYSTEM CONTROL NUMBER
System control number (BD-RjUL)
040 ## - CATALOGING SOURCE
Original cataloging agency DLC
Transcribing agency DLC
Modifying agency (BD-RjUL)
Language of cataloging eng
041 ## - LANGUAGE CODE
Language code of text/sound track or separate title eng
082 00 - DEWEY DECIMAL CLASSIFICATION NUMBER
Classification number 615.8514
Edition number 23
Author mark and year BIO 1977
245 00 - TITLE STATEMENT
Title Biofeedback, theory and research /
Statement of responsibility, etc. edited by Gary E. Schwartz, Jackson Beatty.
260 ## - PUBLICATION, DISTRIBUTION, ETC. (IMPRINT)
Place of publication, distribution, etc. New York :
Name of publisher, distributor, etc. Academic Press,
Date of publication, distribution, etc. c1977
300 ## - PHYSICAL DESCRIPTION
Pagination x, 467 p. :
Illustrations ill. ;
Size 24 cm.
504 ## - BIBLIOGRAPHY, ETC. NOTE
Bibliography, etc Includes bibliographies and index.
650 #0 - SUBJECT ADDED ENTRY--TOPICAL TERM
Topical term or geographic name as entry element Biofeedback training.
9 (RLIN) 5198
700 1# - ADDED ENTRY--PERSONAL NAME
Personal name Schwartz, Gary E.,
Dates associated with a name 1944-
Personal name Beatty, Jackson.
942 ## - ADDED ENTRY ELEMENTS (KOHA)
Source of classification or shelving scheme Dewey Decimal Classification
Koha item type Books
Holdings
Lost status Source of classification or shelving scheme Damaged status Not for loan Collection code Permanent Location Current Location Shelving location Date acquired Source of acquisition Cost, normal purchase price Total Checkouts Full call number Date last seen Copy number Koha item type
  Dewey Decimal Classification     Non-fiction Central Library, University of Rajshahi Central Library, University of Rajshahi Reading Room 22/12/1981 Heffer 17.60   615.8514 BIO 1977 08/12/2013 C-3 Books
  Dewey Decimal Classification     Non-fiction Central Library, University of Rajshahi Central Library, University of Rajshahi   22/12/1981 Helfers 17.60   615.8514 BIO 1977 10/11/2016 C-2 Books